Driver identification based on data from vehicle's CAN bus
Enregistré dans:
| Auteur principal: | |
|---|---|
| Autres auteurs: | |
| Format: | Manuscrit Livre |
| Langue: | slovaque anglais |
| Publié: |
2024
|
| Sujets: | |
| Accès en ligne: | http://is.stuba.sk/zp/portal_zp.pl?podrobnosti=177037 |
| Tags: |
Pas de tags, Soyez le premier à ajouter un tag!
|
MARC
| LEADER | 00000ntm a22000003a 4500 | ||
|---|---|---|---|
| 001 | stuzp100195 | ||
| 003 | SK-STU | ||
| 005 | 20240608213638.1 | ||
| 007 | ta | ||
| 008 | 150427s2015----xo-----f-mn---000-0-slo-d | ||
| 040 | |a STU |b slo | ||
| 041 | 0 | |a eng | |
| 100 | 1 | |a Ambruš, Ondrej |u 070400 |4 aut |U FIIT Fakulta informatiky a informačných technológií |T FIIT Ústav počítačového inžinierstva a aplikovanej informatiky |X 102846 |U I400 |Y 672 |7 102846 | |
| 242 | 0 | 1 | |a Identifikácia vodiča na základe dát z CAN zbernice vozidla |y slo |
| 245 | 1 | 0 | |a Driver identification based on data from vehicle's CAN bus |
| 260 | |c 2024 | ||
| 650 | 4 | |a Zbernica CAN |2 slo | |
| 650 | 4 | |a Identifikácia |2 slo | |
| 650 | 4 | |a Fingerprinting |2 slo | |
| 650 | 4 | |a Štýl jazdy |2 slo | |
| 650 | 4 | |a CAN bus |2 eng | |
| 650 | 4 | |a Fingerprinting |2 eng | |
| 650 | 4 | |a Driving style |2 eng | |
| 650 | 4 | |a Identification |2 eng | |
| 700 | 1 | |a Galinski, Marek |u 070400 |k Z1 |4 ths |U FIIT Fakulta informatiky a informačných technológií |T FIIT Ústav počítačového inžinierstva a aplikovanej informatiky |X 8412 |U I400 |Y 672 |7 8412 | |
| 856 | 4 | |u http://is.stuba.sk/zp/portal_zp.pl?podrobnosti=177037 | |